1460 1210 1177 1578 1236 1445 1154 1254 1706 1841 1169 1792 1668 1083 1451 1632 1697 1891 1186 1786 1501 1687 1851 1725 1830 1624 1854 1344 1901 1944 1535 1262 1417 1106 1622 1025 1123 1779 1653 1530 1069 1483 1570 1444 1255 1823 1962 1021 1238 1983 1020 1984 1721 1116 1266 1857 1802 1258 1167 1842 1089 1211 1749 1430 1361 1848 1421 1524 1594 1516 1288 1195 1713 1460 1156 1302 1966 1296 1747 1701 1139 1489 1379 1703 1655 1833 1592 1032 1482 1185 1795 1883 1000 1475 1906 1856 1725 1605 1359 BCNSPRNW ULIB Ver.6.0+V

เปลี่ยนเป็นภาษาไทย

Change to English
 แสดงรายละเอียดบรรณานุกรม
  กลับหน้าหลัก

Brief Record : Get Marc (ISO 2709) : E-mail record : QR code < ปิดหน้าต่าง
LEADER : 00000nam 2200000uu 4500
001    13399115114
003     ULIB
008    120710s2549||||th 000 0 tha d
020    ^a9789749869642
050 04 ^aAG196^bน625W 2549
100 0  ^aนิภาพัชร์ ปิ่นสุวรรณ
245 10 ^aWhen? รู้รอบเหตุการณ์สำคัญของโลก /^cนิภาพัชร์ ปิ่นสุวรรณ
250    ^aพิมพ์ครั้งที่ 1
260    ^aกรุงเทพฯ :^bอักษรเจริญทัศน์,^c2549
300    ^a191 หน้า :^bภาพประกอบ
440  0 ^aหนังสือเสริมการเรียนรู้ ชุด สรรพ์สาระของโลก
650  7 ^aเหตุการณ์ของโลก
650  7 ^aประวัติศาสตร์โลก
945    ^p0^l0^i24861
995    ^aกัณชพร
999    ^aใช้งานได้ทุกระบบ
รายการนี้ยังไม่มีแท็ก
คุณยังไม่ได้ล็อกอิน คุณสามารถมีกิจกรรมร่วมกับเว็บไซต์ได้ แต่ต้องล็อกอินก่อน ::
  ล็อกอิน

รายการสื่อสารสนเทศ

ลำดับที่ ประเภท เลขเรียก/บาร์โค้ด สถานที่ สถานะ
- ไม่พบข้อมูล -

รายการใกล้เคียง
    ผู้แต่ง [นิภาพัชร์ ปิ่นสุวรรณ]

    หัวเรื่อง [เหตุการณ์ของโลก]
    หัวเรื่อง [ประวัติศาสตร์โลก]

BibComment


ยังไม่เคยถูกคอมเมนท์

คอมเมนท์ทรัพยากรรายการนี้
  คอมเมนท์: When รู้รอบเหตุก..

สมาชิกที่บันทึกรายการนี้ไว้ในรายการโปรด
จิรวรรณ พวงสมบัติ

 Copyright 2026. Bcnsprnw @Library